[Event "XVII Festival Conca della Presolana Magistrale"]
[Site "Bratto - Castione della Presolana ITA"]
[Date "1997.08.??"]
[Round "1"]
[White "Menoni, Vincenzo"]
[Black "Sgorlon, Felice"]
[Result "1-0"]
[WhiteElo "2270"]
[BlackElo "2031"]
[PlyCount "67"]
[EventDate "1997.08.21"]

1. e4 e5 2. f4 d6 3. Nf3 Nd7 4. Bc4 Be7 5. O-O Ngf6 6. d3 O-O 7. Nc3 c6 8. a3
Nb6 9. fxe5 dxe5 10. Bb3 Nfd7 11. Ne2 Bf6 12. Be3 Qe7 13. c3 Rd8 14. Ng3 Nc5
15. Bc2 g6 16. b4 Na6 17. Qc1 Bd7 18. Bg5 Bxg5 19. Nxg5 Rf8 20. Bb3 Be8 21. Ra2
h6 22. Nxf7 Bxf7 23. Rxf7 Rxf7 24. Rf2 Nd5 25. exd5 Rxf2 26. d6+ Qf7 27. Bxf7+
Rxf7 28. Qxh6 Rh7 29. Qg5 Rf8 30. Ne4 Nb8 31. Nf6+ Rxf6 32. Qxf6 Nd7 33. Qe6+
Kf8 34. h4 1-0

[Event "XVII Festival Conca della Presolana Magistrale"]
[Site "Bratto - Castione della Presolana ITA"]
[Date "1997.08.??"]
[Round "1"]
[White "Mione, Dario"]
[Black "Agnelli, Francesco"]
[Result "1-0"]
[WhiteElo "2295"]
[BlackElo "2085"]
[PlyCount "81"]
[EventDate "1997.08.21"]

1. e4 c5 2. b4 e5 3. Nf3 Nf6 4. Nxe5 Qc7 5. Bb2 cxb4 6. d4 Be7 7. Bd3 d6 8. Nf3
O-O 9. O-O Bg4 10. Qe2 Nc6 11. Nbd2 Bh5 12. h3 Rfe8 13. g4 Bg6 14. Nh4 Nd7 15.
Nxg6 hxg6 16. f4 Bf6 17. Qf2 Nc5 18. g5 Nxd3 19. cxd3 Bd8 20. d5 Nb8 21. Kg2
Na6 22. h4 Qd7 23. Kg3 Nc5 24. Qd4 f6 25. Rh1 Bb6 26. Qxb4 Nxd3 27. Qc3 Nxf4
28. Kxf4 fxg5+ 29. Kg3 Rac8 30. Qd3 Rf8 31. Raf1 gxh4+ 32. Rxh4 Rxf1 33. Qxf1
g5 34. Rh5 Rf8 35. Rh8+ Kxh8 36. Qxf8+ Kh7 37. Qf5+ Qxf5 38. exf5 Be3 39. Ne4
Kh6 40. Kg4 Bf4 41. Ba3 1-0

[Event "XVII Festival Conca della Presolana Magistrale"]
[Site "Bratto - Castione della Presolana ITA"]
[Date "1997.08.??"]
[Round "1"]
[White "Moncelli, Giorgio"]
[Black "Quagliarella, Sabino Remo"]
[Result "1-0"]
[WhiteElo "2195"]
[BlackElo "1892"]
[PlyCount "75"]
[EventDate "1997.08.21"]

1. e4 d6 2. d4 Nf6 3. Nc3 c6 4. g3 Qa5 5. Bg2 e5 6. Nge2 Be7 7. O-O O-O 8. h3
Nbd7 9. Be3 exd4 10. Nxd4 Ne5 11. Qe2 Ng6 12. Rad1 Bd7 13. f4 Rad8 14. Nb3 Qc7
15. Qf2 b6 16. a4 Bc8 17. a5 Nd7 18. axb6 axb6 19. Ra1 Bb7 20. Nd4 Bf6 21. Rad1
Ne7 22. Rd2 g6 23. Rfd1 Nc8 24. Nde2 b5 25. Bd4 Bxd4 26. Nxd4 Nc5 27. f5 b4 28.
Nce2 Rde8 29. f6 Kh8 30. Qf4 Rg8 31. h4 Re5 32. Nf3 Rxe4 33. Qh6 Ne6 34. Nf4
Rxf4 35. gxf4 d5 36. Ng5 Nf8 37. Re2 Qd7 38. Re7 1-0

[Event "XVII Festival Conca della Presolana Magistrale"]
[Site "Bratto - Castione della Presolana ITA"]
[Date "1997.08.??"]
[Round "1"]
[White "Ortega, Lexy"]
[Black "Castaldo, Folco"]
[Result "1-0"]
[WhiteElo "2470"]
[BlackElo "2170"]
[PlyCount "71"]
[EventDate "1997.08.21"]

1. d4 Nf6 2. Nf3 g6 3. c4 Bg7 4. g3 O-O 5. Bg2 d6 6. O-O Nc6 7. Nc3 e5 8. d5
Ne7 9. c5 Ne8 10. cxd6 Nxd6 11. e4 f5 12. Ng5 h6 13. Ne6 Bxe6 14. dxe6 c6 15.
Be3 b6 16. Qc1 Kh7 17. Rd1 Qc7 18. exf5 gxf5 19. Nb5 Nxb5 20. Rd7 Rac8 21. a4
Rfd8 22. Rxc7 Nxc7 23. a5 Nxe6 24. axb6 axb6 25. Ra7 Re8 26. Qc4 Ng6 27. Bh3 b5
28. Qa2 f4 29. Bxe6 fxe3 30. fxe3 Rcd8 31. Bf5 Rd1+ 32. Kg2 Rf8 33. Qe6 Rd2+
34. Kh3 Rxf5 35. Qxf5 Rxb2 36. Qf7 1-0

[Event "XVII Festival Conca della Presolana Magistrale"]
[Site "Bratto - Castione della Presolana ITA"]
[Date "1997.08.??"]
[Round "1"]
[White "Pagnoncelli, Marco"]
[Black "Bresciani, Nicola"]
[Result "1/2-1/2"]
[WhiteElo "2090"]
[BlackElo "2325"]
[PlyCount "55"]
[EventDate "1997.08.21"]

1. e4 c5 2. Nf3 d6 3. d4 cxd4 4. Nxd4 Nf6 5. Nc3 a6 6. Bg5 e6 7. f4 Qc7 8. Qf3
b5 9. O-O-O b4 10. Nd5 exd5 11. Bxf6 gxf6 12. exd5 Ra7 13. Bd3 Qc5 14. Bf5 Bxf5
15. Nxf5 Rc7 16. Rhe1+ Kd8 17. Qe4 Kc8 18. Rd4 a5 19. b3 Na6 20. Rc4 Qb5 21.
Rc6 Rxc6 22. Nd4 Rxc2+ 23. Kxc2 Qd7 24. Nc6 Nc5 25. Qc4 Bh6 26. Re7 Qf5+ 27.
Kb2 Qxf4 28. Na7+ 1/2-1/2

[Event "XVII Festival Conca della Presolana Magistrale"]
[Site "Bratto - Castione della Presolana ITA"]
[Date "1997.08.??"]
[Round "1"]
[White "Profumo, Alberto"]
[Black "Vita, Fabrizio"]
[Result "0-1"]
[WhiteElo "2250"]
[BlackElo "2013"]
[PlyCount "72"]
[EventDate "1997.08.21"]

1. Nf3 c5 2. g3 Nc6 3. Bg2 g6 4. c4 Bg7 5. Nc3 e5 6. d3 Nge7 7. O-O O-O 8. a3
d6 9. Rb1 f5 10. Bd2 Rb8 11. b4 b6 12. e3 a6 13. b5 axb5 14. Rxb5 e4 15. dxe4
Ba6 16. Ng5 Qd7 17. exf5 Qxf5 18. f4 Qd3 19. Rb3 Bxc4 20. Nge4 Bxb3 21. Qxb3+
c4 22. Qa2 d5 23. Nf2 Qf5 24. e4 Qd7 25. exd5 Na5 26. Nfe4 Kh8 27. Ng5 Nb3 28.
Be1 Nf5 29. Ne6 Rfe8 30. Nd1 Rxe6 31. dxe6 Qxd1 32. Bf2 Qd6 33. Qe2 b5 34. g4
Nfd4 35. Qd1 Qxe6 36. h3 Qe2 0-1

[Event "XVII Festival Conca della Presolana Magistrale"]
[Site "Bratto - Castione della Presolana ITA"]
[Date "1997.08.??"]
[Round "1"]
[White "Sbarra, Marco"]
[Black "Sgnaolin, Davide"]
[Result "1/2-1/2"]
[WhiteElo "2280"]
[BlackElo "2055"]
[PlyCount "102"]
[EventDate "1997.08.21"]

1. d4 d5 2. c4 e6 3. Nc3 c5 4. cxd5 exd5 5. Nf3 Nc6 6. g3 Nf6 7. Bg2 Be7 8. O-O
O-O 9. Bg5 cxd4 10. Nxd4 h6 11. Be3 Re8 12. Rc1 Bf8 13. Nxc6 bxc6 14. Na4 Bd7
15. Nc5 Bxc5 16. Bxc5 Ne4 17. Be3 Qa5 18. a3 Rab8 19. Qd4 Qb5 20. Qd3 a5 21. b4
axb4 22. axb4 Qxb4 23. Bf4 Rbd8 24. Rb1 Qe7 25. Bxe4 Qxe4 26. Qxe4 Rxe4 27. e3
Ra8 28. Rfc1 Rea4 29. Be5 f6 30. Bd4 Kf7 31. Rb7 Ke6 32. Kg2 Ra2 33. Kf3 g5 34.
g4 Rd2 35. Ra7 Rxa7 36. Bxa7 Ra2 37. Bd4 Ra5 38. Rc5 Rb5 39. Rc2 Be8 40. Ra2
Bg6 41. Ra6 Be8 42. Ra8 Kf7 43. Bxf6 Kxf6 44. Rxe8 Rb2 45. Kg3 c5 46. Rh8 Kg7
47. Rc8 c4 48. Rc5 Rd2 49. Rc6 Rd3 50. Kf3 Rd2 51. h3 Kh7 1/2-1/2

[Event "XVII Festival Conca della Presolana Magistrale"]
[Site "Bratto - Castione della Presolana ITA"]
[Date "1997.08.??"]
[Round "1"]
[White "Scagliarini, Bruno"]
[Black "Everet, Alexandro"]
[Result "0-1"]
[WhiteElo "1974"]
[BlackElo "2225"]
[PlyCount "96"]
[EventDate "1997.08.21"]

1. c4 e5 2. g3 d6 3. Bg2 c6 4. d4 Qc7 5. Nc3 Nf6 6. e3 Be7 7. Nge2 Bf5 8. dxe5
dxe5 9. e4 Be6 10. b3 Nbd7 11. O-O O-O-O 12. Qc2 h5 13. Bg5 Ng8 14. Bxe7 Nxe7
15. a4 h4 16. a5 Rh6 17. Rfb1 Rdh8 18. Nd1 hxg3 19. hxg3 Bh3 20. Bxh3 Rxh3 21.
Kf1 Qd6 22. Ng1 Rh1 23. Ne3 Qg6 24. b4 Qh5 25. g4 Rxg1+ 26. Ke2 Rxg4 27. Nxg4
Qxg4+ 28. Kd2 Nf6 29. Re1 Rh2 30. Kc1 Qf4+ 31. Kb1 Rxf2 32. Qd3 Qh2 33. Rd1
Ned5 34. cxd5 Rb2+ 35. Kc1 Rxb4 36. Qc3 Qf4+ 37. Rd2 Qxe4 38. Qh3+ Ng4 39. Kd1
Qf5 40. Qc3 Rf4 41. Kc1 Qe4 42. a6 Rf3 43. axb7+ Kb8 44. Qc5 Qe1+ 45. Kc2 Ne3+
46. Kb3 Nf1+ 47. Kc4 Nxd2+ 48. Kb4 Rb3+ 0-1

[Event "XVII Festival Conca della Presolana Magistrale"]
[Site "Bratto - Castione della Presolana ITA"]
[Date "1997.08.??"]
[Round "1"]
[White "Temi, Walter"]
[Black "Milocco, Franco"]
[Result "0-1"]
[WhiteElo "2110"]
[BlackElo "2365"]
[PlyCount "68"]
[EventDate "1997.08.21"]

1. e4 c5 2. Nf3 d6 3. c3 Nf6 4. h3 Nc6 5. Bd3 d5 6. e5 Nd7 7. e6 fxe6 8. Ng5
Nf6 9. Bxh7 Nxh7 10. Qh5+ Kd7 11. Nxh7 b6 12. d4 Ba6 13. dxc5 bxc5 14. Nxf8+
Qxf8 15. Qg4 Qf5 16. Qxf5 exf5 17. Bf4 e5 18. Bg5 Rh5 19. h4 Rah8 20. Rh3 e4
21. Nd2 Ne5 22. Nb3 Nd3+ 23. Rxd3 Bxd3 24. Nxc5+ Kd6 25. Be3 Rxh4 26. Kd2 f4
27. Bd4 Bb5 28. a4 Be8 29. Na6 Rg4 30. Rg1 Bxa4 31. Ra1 Bb5 32. Ra5 Bc4 33. Nc5
Rxg2 34. Rxa7 e3+ 0-1

[Event "XVII Festival Conca della Presolana Magistrale"]
[Site "Bratto - Castione della Presolana ITA"]
[Date "1997.08.??"]
[Round "1"]
[White "Volpinari, Danilo"]
[Black "Barbafiera, Luigi"]
[Result "1-0"]
[WhiteElo "2200"]
[BlackElo "1900"]
[PlyCount "45"]
[EventDate "1997.08.21"]

1. d4 Nf6 2. Nf3 g6 3. Bg5 Bg7 4. e3 b6 5. Bd3 Bb7 6. Nbd2 d5 7. O-O O-O 8. c3
Nbd7 9. Re1 Ne4 10. Bh4 c5 11. Rc1 Qe8 12. c4 Nxd2 13. Qxd2 dxc4 14. Bxc4 Bxf3
15. gxf3 cxd4 16. exd4 Nf6 17. Qb4 Qd7 18. Rxe7 Qh3 19. Bg3 Rac8 20. Rce1 Nh5
21. Rxf7 Rxf7 22. Be6 Rc1 23. Bxh3 1-0

[Event "XVII Festival Conca della Presolana Magistrale"]
[Site "Bratto - Castione della Presolana ITA"]
[Date "1997.08.??"]
[Round "1"]
[White "Zelcic, Robert"]
[Black "Lantini, Marco"]
[Result "1/2-1/2"]
[WhiteElo "2530"]
[BlackElo "2190"]
[PlyCount "227"]
[EventDate "1997.08.21"]

1. e4 e5 2. Nf3 Nf6 3. d4 exd4 4. e5 Ne4 5. Qxd4 d5 6. exd6 Nxd6 7. Bd3 Nc6 8.
Qf4 g6 9. O-O Bg7 10. Re1+ Be6 11. Bd2 Qf6 12. Qg3 Qxb2 13. Nc3 O-O 14. Rab1
Qa3 15. Nb5 Nxb5 16. Rxb5 Qxa2 17. h4 Bc4 18. Rxb7 Bxd3 19. cxd3 Nd4 20. Nxd4
Qxd2 21. Nf3 Qxd3 22. Qxc7 Qc3 23. Qd7 Qc8 24. Qd5 Qf5 25. Qc6 Rab8 26. Rxa7
Rb1 27. Rae7 Rxe1+ 28. Rxe1 h6 29. Rc1 Qf6 30. Qe4 Qd6 31. h5 g5 32. Rc6 Qd1+
33. Kh2 Qd8 34. g3 Qd7 35. Kg2 Re8 36. Qc4 Qe7 37. Rc7 Qe6 38. Qb5 Qe4 39. Rc4
Qe6 40. Nd2 Qe2 41. Qd5 Qe6 42. Qxe6 Rxe6 43. g4 Ra6 44. Ne4 Be5 45. Rc5 Re6
46. Kf3 Kg7 47. Rb5 Bc7 48. Nc3 Rf6+ 49. Rf5 Rxf5+ 50. gxf5 Be5 51. Ne4 Bd4 52.
Ke2 Be5 53. Kd3 Ba1 54. f3 Be5 55. Kc4 Bf6 56. Kd5 Bb2 57. Kd6 Ba3+ 58. Kc7 Bb2
59. Kd7 Bf6 60. Nd6 Be5 61. Ne4 Bb2 62. Ke8 Bf6 63. Nd6 Bb2 64. Nxf7 Ba3 65.
f6+ Kxf6 66. Nxh6 Kg7 67. Ng4 Bb2 68. Kd7 Ba3 69. Ke6 Bb2 70. Kf5 Bc1 71. Nf2
Kh6 72. Kg4 Be3 73. Nd3 Bd2 74. Nc5 Bc1 75. Nb7 Kg7 76. Nd6 Bf4 77. Nf5+ Kh7
78. Nd4 Kh6 79. Ne2 Be3 80. Ng3 Bc1 81. Ne4 Bf4 82. Nc5 Be3 83. Nb7 Kg7 84. Na5
Bd2 85. Nc4 Bf4 86. Nb6 Bd2 87. Na4 Kh6 88. Nc5 Be3 89. Ne4 Bf4 90. Nf6 Bc1 91.
Ng8+ Kh7 92. Ne7 Bd2 93. Nc6 Bc1 94. Nd8 Kg7 95. Ne6+ Kh6 96. Nd4 Bf4 97. Nf5+
Kh7 98. Kh3 Bc1 99. Kg3 Bf4+ 100. Kg4 Bc1 101. Kg3 Bf4+ 102. Kf2 Bc1 103. Ke2
Bf4 104. Kd3 Bc1 105. Kd4 Bb2+ 106. Ke4 Bc1 107. Ng3 Kh6 108. Kf5 Bf4 109. Ne2
Bd2 110. Kg4 Be3 111. Nc3 Bc1 112. Nb5 Bf4 113. Nd4 Bc1 114. Ne6 1/2-1/2

[Event "XVII Festival Conca della Presolana Magistrale"]
[Site "Bratto - Castione della Presolana ITA"]
[Date "1997.08.??"]
[Round "1"]
[White "Zoldan, Matteo"]
[Black "Guido, Flavio"]
[Result "0-1"]
[WhiteElo "2100"]
[BlackElo "2335"]
[PlyCount "50"]
[EventDate "1997.08.21"]

1. e4 c5 2. Nf3 e6 3. d4 cxd4 4. Nxd4 Nf6 5. Nc3 d6 6. g4 Nc6 7. g5 Nd7 8. Be3
Be7 9. h4 O-O 10. Qh5 Nxd4 11. Bxd4 a6 12. O-O-O b5 13. Bd3 Ne5 14. f4 Nxd3+
15. Rxd3 Bb7 16. Re1 b4 17. Na4 Bc6 18. Nb6 Rb8 19. f5 e5 20. Bxe5 Qxb6 21.
Bxg7 Qf2 22. Re2 Qf4+ 23. Rdd2 Kxg7 24. f6+ Bxf6 25. gxf6+ Qxf6 0-1

[Event "XVII Festival Conca della Presolana Magistrale"]
[Site "Bratto - Castione della Presolana ITA"]
[Date "1997.08.??"]
[Round "2"]
[White "Alberton, Roberto"]
[Black "Oppici, Gabriele"]
[Result "0-1"]
[WhiteElo "2190"]
[BlackElo "2095"]
[PlyCount "77"]
[EventDate "1997.08.21"]

1. Nf3 Nc6 2. e4 d6 3. d4 Nf6 4. Nc3 Bg4 5. Be2 e6 6. Bg5 Be7 7. Qd2 a6 8.
O-O-O b5 9. Qf4 b4 10. Bxf6 Bxf6 11. Qxg4 bxc3 12. e5 Qb8 13. bxc3 dxe5 14. Qe4
Na7 15. dxe5 Be7 16. Qa4+ c6 17. Bd3 Nb5 18. Kd2 O-O 19. Qe4 g6 20. a4 Nc7 21.
Nd4 Nd5 22. Nxc6 Bg5+ 23. f4 Qb2 24. fxg5 Qxc3+ 25. Ke2 Qxc6 26. Kf3 Qc7 27.
Rde1 Rfb8 28. c4 Nc3 29. Qd4 Nxa4 30. Qd6 Qa5 31. Qa3 Qb4 32. Qxb4 Rxb4 33. Rc1
Nc5 34. Be4 Rb3+ 35. Kf4 Rc8 36. Rhd1 Rb4 37. Rd4 a5 38. Ra1 Nb3 39. Rd8+ 0-1

[Event "XVII Festival Conca della Presolana Magistrale"]
[Site "Bratto - Castione della Presolana ITA"]
[Date "1997.08.??"]
[Round "2"]
[White "Barbafiera, Luigi"]
[Black "Pegoraro, Nicola"]
[Result "0-1"]
[WhiteElo "1900"]
[BlackElo "2115"]
[PlyCount "110"]
[EventDate "1997.08.21"]

1. c4 f5 2. Nc3 Nf6 3. d4 g6 4. g3 Bg7 5. Bg2 d6 6. Nf3 O-O 7. O-O Nc6 8. a3 e5
9. dxe5 Nxe5 10. Nxe5 dxe5 11. Qxd8 Rxd8 12. Bg5 c6 13. Rfd1 Be6 14. b3 e4 15.
Rxd8+ Rxd8 16. Rd1 Rxd1+ 17. Nxd1 Nd7 18. Be7 Bd4 19. Kf1 a5 20. e3 Bc5 21.
Bxc5 Nxc5 22. Nb2 Nxb3 23. Ke1 Kf7 24. Bf1 Ke7 25. Kd1 Kd6 26. Kc2 Nc5 27. Kc3
Ke5 28. Be2 g5 29. Bd1 Bd7 30. Be2 b6 31. Bd1 Be8 32. Be2 Bg6 33. Bd1 h6 34.
Be2 Kd6 35. Bd1 Be8 36. Be2 b5 37. Bd1 Bd7 38. Be2 Ne6 39. Kb3 Kc5 40. Kc3 Nc7
41. Kb3 Be6 42. Kc3 Ne8 43. cxb5 cxb5 44. Nd1 Nd6 45. Nb2 Bd5 46. Bf1 Nf7 47.
Be2 Ne5 48. Kc2 Bc4 49. Bd1 g4 50. Kc3 Nf7 51. Kd2 Ng5 52. Ke1 b4 53. axb4+
Kxb4 54. Ba4 Bb5 55. Bd1 a4 0-1

[Event "XVII Festival Conca della Presolana Magistrale"]
[Site "Bratto - Castione della Presolana ITA"]
[Date "1997.08.??"]
[Round "2"]
[White "Barbieri, Giovanni"]
[Black "Bosio, Devis"]
[Result "0-1"]
[WhiteElo "2115"]
[BlackElo "1951"]
[PlyCount "88"]
[EventDate "1997.08.21"]

1. e4 c6 2. d4 d5 3. exd5 cxd5 4. c3 Nf6 5. Nf3 g6 6. Nbd2 Nc6 7. Bb5 Bg7 8.
Ne5 Bd7 9. Nxd7 Nxd7 10. O-O O-O 11. Re1 e6 12. Nf3 Qc7 13. g3 Rac8 14. h4 a6
15. Bd3 Nf6 16. Kg2 b5 17. a3 Na5 18. Bf4 Qb7 19. Qe2 Nc4 20. Rab1 a5 21. Ne5
Nh5 22. Bc1 Nd6 23. f3 Rb8 24. g4 Nf6 25. h5 Nd7 26. hxg6 hxg6 27. Rh1 Nxe5 28.
dxe5 Nc4 29. Bf4 Qe7 30. Rbe1 Rfc8 31. Kg3 Kf8 32. Bh6 Bxh6 33. Rxh6 Kg7 34.
Reh1 Rh8 35. Qh2 Rhg8 36. Rxg6+ fxg6 37. Qh6+ Kf7 38. Qf4+ Ke8 39. Bxg6+ Kd7
40. Rh7 Rg7 41. Rh6 Rbg8 42. Bf5 exf5 43. Qxf5+ Kc7 44. Re6 Qc5 0-1

[Event "XVII Festival Conca della Presolana Magistrale"]
[Site "Bratto - Castione della Presolana ITA"]
[Date "1997.08.??"]
[Round "2"]
[White "Bresciani, Nicola"]
[Black "Samaritani, Fabio"]
[Result "0-1"]
[WhiteElo "2325"]
[BlackElo "2180"]
[PlyCount "120"]
[EventDate "1997.08.21"]

1. e4 e5 2. Nf3 Nc6 3. Bb5 a6 4. Ba4 Nf6 5. O-O Bc5 6. c3 b5 7. Bc2 d6 8. d4
Bb6 9. a4 Bg4 10. axb5 axb5 11. Rxa8 Qxa8 12. d5 Na7 13. Bg5 Qd8 14. h3 Bd7 15.
Qe2 h6 16. Be3 Qb8 17. Rd1 O-O 18. Nbd2 Bxe3 19. Qxe3 Nh5 20. Ra1 Nc8 21. Kh2
Nf4 22. Ng1 Nb6 23. g3 Ng6 24. b3 f5 25. exf5 Nxd5 26. Qf3 c6 27. Ne2 Kh8 28.
Qh5 Nge7 29. g4 Nf6 30. Qh4 d5 31. Kg2 e4 32. Qg3 c5 33. Qxb8 Rxb8 34. Nf4 Nc6
35. Ng6+ Kg8 36. f4 b4 37. c4 Nd4 38. Bb1 e3 39. Nf3 Nxb3 40. Ra7 Nd2 41. Nfe5
Nxb1 42. g5 hxg5 43. fxg5 e2 44. Kf2 Ne4+ 45. Kxe2 Nbc3+ 46. Ke3 Be8 47. f6
gxf6 48. gxf6 Nxf6 49. Ne7+ Kf8 50. Kf4 dxc4 51. Nxc4 Ncd5+ 52. Nxd5 Nxd5+ 53.
Ke5 Ne7 54. Rc7 b3 55. Rxc5 b2 56. Nxb2 Rxb2 57. Rc3 Rb5+ 58. Kd6 Rd5+ 59. Kc7
Rd7+ 60. Kb8 Bf7 0-1

[Event "XVII Festival Conca della Presolana Magistrale"]
[Site "Bratto - Castione della Presolana ITA"]
[Date "1997.08.??"]
[Round "2"]
[White "Capece, Adolivio"]
[Black "Sbarra, Marco"]
[Result "0-1"]
[WhiteElo "1953"]
[BlackElo "2280"]
[PlyCount "66"]
[EventDate "1997.08.21"]

1. c4 e5 2. Nc3 Nf6 3. g3 d5 4. cxd5 Nxd5 5. Bg2 Nb6 6. Nf3 Nc6 7. O-O Be7 8.
a4 a5 9. Nb5 O-O 10. d4 exd4 11. Nfxd4 Nxd4 12. Qxd4 c6 13. Qxd8 Rxd8 14. Nc3
Be6 15. Bf4 Nc4 16. h4 h6 17. Rfd1 Bb4 18. Rxd8+ Rxd8 19. Nd1 f6 20. Be4 g5 21.
Be3 Nxe3 22. Nxe3 Rd2 23. hxg5 hxg5 24. Rd1 Rxd1+ 25. Nxd1 Bb3 26. Nc3 Bxc3 27.
bxc3 Bxa4 28. Kf1 Bb3 29. Ke1 a4 30. Kd2 a3 31. Kc1 Kf8 32. e3 Ke7 33. Bc2 a2
0-1

[Event "XVII Festival Conca della Presolana Magistrale"]
[Site "Bratto - Castione della Presolana ITA"]
[Date "1997.08.??"]
[Round "2"]
[White "Carparelli, Luciano"]
[Black "Mione, Dario"]
[Result "0-1"]
[WhiteElo "1900"]
[BlackElo "2295"]
[PlyCount "54"]
[EventDate "1997.08.21"]

1. e4 e6 2. d3 d5 3. Nd2 Nf6 4. g3 b6 5. Bg2 Bb7 6. e5 Nfd7 7. Ngf3 f6 8. exf6
Qxf6 9. O-O Nc6 10. Re1 O-O-O 11. Nf1 h6 12. d4 Bd6 13. Ne3 Rdf8 14. Qd2 g5 15.
c3 Rh7 16. Qe2 h5 17. Bd2 Rhf7 18. Rf1 Ndb8 19. b4 g4 20. Nh4 Bxb4 21. Bxd5
exd5 22. Nxd5 Qd6 23. Nxb4 Nxb4 24. cxb4 Qd5 25. f3 gxf3 26. Qf2 Re8 27. Rae1
Re2 0-1

[Event "XVII Festival Conca della Presolana Magistrale"]
[Site "Bratto - Castione della Presolana ITA"]
[Date "1997.08.??"]
[Round "2"]
[White "Caruso, Daniele"]
[Black "Scagliarini, Bruno"]
[Result "0-1"]
[WhiteElo "2130"]
[BlackElo "1974"]
[PlyCount "114"]
[EventDate "1997.08.21"]

1. e4 e6 2. d4 d5 3. e5 c5 4. c3 Nc6 5. Nf3 Qb6 6. a3 c4 7. Nbd2 Na5 8. Be2 Bd7
9. O-O Ne7 10. Ne1 O-O-O 11. b4 cxb3 12. Bb2 Kb8 13. c4 dxc4 14. Nxc4 Nxc4 15.
Bxc4 Ba4 16. Nf3 Nc6 17. Rc1 Be7 18. Rc3 Na5 19. Bd3 Rc8 20. Qd2 Rxc3 21. Bxc3
Nc6 22. Qb2 Bb5 23. Bxb5 Qxb5 24. Rb1 Rc8 25. h3 a5 26. Qxb3 Qxb3 27. Rxb3 a4
28. Rb1 Nd8 29. Bb4 Bxb4 30. Rxb4 Rc1+ 31. Kh2 h6 32. Rxa4 Rc3 33. Nd2 Nc6 34.
Ne4 Rc2 35. f3 b5 36. Rb4 Nxb4 37. axb4 Rb2 38. Kg3 Rxb4 39. Kf4 Rxd4 40. Ke3
Rd5 41. f4 b4 42. Nd2 Kc7 43. g4 Kc6 44. h4 Kc5 45. h5 Kb5 46. g5 hxg5 47. fxg5
Rxe5+ 48. Kf4 Rd5 49. Ne4 Kc4 50. Ng3 b3 51. h6 gxh6 52. gxh6 b2 53. h7 Rd8 54.
Ne4 b1=Q 55. Nd2+ Rxd2 56. h8=Q Qf1+ 57. Ke5 Qa1+ 0-1

[Event "XVII Festival Conca della Presolana Magistrale"]
[Site "Bratto - Castione della Presolana ITA"]
[Date "1997.08.??"]
[Round "2"]
[White "Castaldo, Folco"]
[Black "Mancini, Giustino"]
[Result "1-0"]
[WhiteElo "2170"]
[BlackElo "2060"]
[PlyCount "107"]
[EventDate "1997.08.21"]

1. e4 c6 2. d4 d5 3. e5 Bf5 4. Nf3 e6 5. Be2 c5 6. Be3 Nc6 7. Nc3 cxd4 8. Nxd4
Nxd4 9. Qxd4 Ne7 10. Qa4+ Nc6 11. O-O-O Be7 12. g4 Bg6 13. f4 f5 14. Nb5 O-O
15. Nd4 Nxd4 16. Qxd4 Qa5 17. Kb1 Rac8 18. g5 Bc5 19. Qd2 Qb6 20. Bxc5 Rxc5 21.
Qd4 Rfc8 22. c3 a5 23. Ka1 Qc7 24. Rd2 b5 25. a3 Be8 26. Bd3 Rb8 27. Kb1 Qb6
28. b4 axb4 29. axb4 Rc7 30. Qxb6 Rxb6 31. Kb2 Ra6 32. Rc1 Rca7 33. Kc2 Ra2+
34. Kd1 Rxd2+ 35. Kxd2 Kf8 36. Ke3 Ke7 37. Kd4 Ra2 38. Rc2 Ra1 39. Kc5 Re1 40.
Ra2 Rc1 41. Ra7+ Kd8 42. Kd6 Rxc3 43. Ra8+ Rc8 44. Rxc8+ Kxc8 45. Kxe6 Bd7+ 46.
Kxd5 g6 47. Kd4 Kb7 48. Kc5 Ka6 49. Kd6 Kb6 50. e6 Bc6 51. e7 Be8 52. Bc2 Bc6
53. Bb3 Be8 54. Be6 1-0

[Event "XVII Festival Conca della Presolana Magistrale"]
[Site "Bratto - Castione della Presolana ITA"]
[Date "1997.08.??"]
[Round "2"]
[White "Cugini, Verter"]
[Black "Drazic, Sinisa"]
[Result "0-1"]
[WhiteElo "2215"]
[BlackElo "2445"]
[PlyCount "122"]
[EventDate "1997.08.21"]

1. e4 c5 2. d4 e6 3. c3 d5 4. exd5 exd5 5. Bb5+ Bd7 6. Qe2+ Be7 7. dxc5 Nf6 8.
Nf3 O-O 9. O-O Re8 10. b4 Bxc5 11. Qd3 Bb6 12. Bg5 Bxb5 13. Qxb5 Qd7 14. Qxd7
Nbxd7 15. Nbd2 Re2 16. Bxf6 Nxf6 17. c4 Ne4 18. Nxe4 dxe4 19. Ng5 Bd4 20. Rad1
Rd8 21. h4 Rxf2 22. Kh1 Rxf1+ 23. Rxf1 e3 24. Re1 h6 25. Nf3 Bc3 26. Rxe3 Bxb4
27. Kh2 Rc8 28. Re4 Kf8 29. Rd4 Rc7 30. Kh3 h5 31. Ng5 Be7 32. Ne4 Ke8 33. Nc3
Bf6 34. Re4+ Re7 35. Rxe7+ Kxe7 36. Nd5+ Ke6 37. Nf4+ Kd6 38. Nxh5 Be5 39. Kg4
Kc5 40. Kf5 Bb2 41. Ng3 Kxc4 42. h5 Kd5 43. Nf1 Bc1 44. Nh2 b5 45. Nf3 a5 46.
Ne5 f6 47. Nd3 Bh6 48. g4 b4 49. Nb2 Kd4 50. Na4 Kc4 51. Ke4 b3 52. axb3+ Kxb3
53. Nc5+ Kc4 54. Na4 Kb4 55. Nb6 a4 56. Kd3 Kb3 57. Nd7 a3 58. Nc5+ Kb2 59.
Na4+ Kb1 60. Nc3+ Kc1 61. Kc4 Kc2 0-1

[Event "XVII Festival Conca della Presolana Magistrale"]
[Site "Bratto - Castione della Presolana ITA"]
[Date "1997.08.??"]
[Round "2"]
[White "De Barberis, Massimo"]
[Black "Profumo, Alberto"]
[Result "0-1"]
[WhiteElo "2110"]
[BlackElo "2250"]
[PlyCount "38"]
[EventDate "1997.08.21"]

1. e4 c6 2. d4 d5 3. exd5 cxd5 4. c4 Nf6 5. Nc3 e6 6. c5 Be7 7. Nf3 O-O 8. Bd3
b6 9. b4 a5 10. Na4 Nfd7 11. h4 f5 12. Ng5 Qe8 13. Kf1 Bf6 14. Bb5 axb4 15.
Nxb6 Ba6 16. Bxa6 Nxb6 17. Be2 Na4 18. Qd3 Nxc5 19. Qd2 Nb3 0-1

[Event "XVII Festival Conca della Presolana Magistrale"]
[Site "Bratto - Castione della Presolana ITA"]
[Date "1997.08.??"]
[Round "2"]
[White "Didoni, Renato"]
[Black "Rossi, Giampiero"]
[Result "0-1"]
[WhiteElo "1984"]
[BlackElo "2150"]
[PlyCount "108"]
[EventDate "1997.08.21"]

1. Nf3 d5 2. g3 c6 3. Bg2 Nf6 4. d4 Bf5 5. Nc3 e6 6. O-O h6 7. Re1 Nbd7 8. e3
Bd6 9. Bd2 O-O 10. Rc1 Re8 11. Ne2 Qb6 12. b3 a5 13. Nc3 Ne4 14. Na4 Qc7 15. c4
Ba3 16. Rc2 Nxd2 17. Nxd2 Bxc2 18. Qxc2 Rab8 19. Nb1 Bd6 20. c5 Bf8 21. f4 b6
22. cxb6 Nxb6 23. Nc5 Nd7 24. a3 Nxc5 25. dxc5 Qa7 26. Rc1 g6 27. Nd2 Re7 28.
Bf3 f5 29. Bd1 Reb7 30. a4 Rb4 31. Kf2 Qc7 32. Nf3 Bg7 33. Qd3 Re8 34. Nh4 Kh7
35. h3 Bf6 36. Ng2 e5 37. h4 e4 38. Qa6 Qb7 39. Qe2 h5 40. Ne1 Rb8 41. Qd2 Qc7
42. Qa2 d4 43. exd4 Bxd4+ 44. Kg2 Qe7 45. Qe2 Bg7 46. Kh3 Qa7 47. Ng2 Bd4 48.
Ne3 Bxe3 49. Qxe3 Qd7 50. Bc2 Qd4 51. Qe1 Qxc5 52. Bb1 Qd6 53. Rd1 Rd4 54. Rc1
Rxb3 0-1

[Event "XVII Festival Conca della Presolana Magistrale"]
[Site "Bratto - Castione della Presolana ITA"]
[Date "1997.08.??"]
[Round "2"]
[White "Efimov, Igor"]
[Black "Menoni, Vincenzo"]
[Result "1-0"]
[WhiteElo "2540"]
[BlackElo "2270"]
[PlyCount "101"]
[EventDate "1997.08.21"]

1. d4 Nf6 2. c4 g6 3. Nc3 Bg7 4. e4 d6 5. Be2 O-O 6. Bg5 c5 7. d5 h6 8. Be3 e6
9. f3 exd5 10. cxd5 Na6 11. Qd2 Kh7 12. g4 Nd7 13. h4 Ne5 14. Nh3 Nb4 15. Nf2
c4 16. h5 g5 17. O-O Bd7 18. Kg2 a5 19. Rfc1 Rc8 20. Rab1 Qf6 21. Rf1 Qe7 22.
Bb6 a4 23. Ncd1 Na6 24. Ne3 Bb5 25. Nf5 Qd7 26. Bd4 Nc5 27. f4 gxf4 28. Nh3 f3+
29. Rxf3 Nxf3 30. Bxf3 f6 31. Nf4 Rfe8 32. Bxc5 dxc5 33. a3 Re5 34. Ng6 Rg8 35.
Nxe5 fxe5 36. g5 hxg5 37. Bg4 Qd8 38. d6 Bc6 39. Qe3 Bf8 40. Rd1 b6 41. Kg3 Bd7
42. Qc3 Qf6 43. Qxc4 Kh8 44. Rf1 Bxd6 45. Nxd6 Qxd6 46. Rd1 Qf6 47. Rxd7 Qf4+
48. Kh3 Qe3+ 49. Kg2 Rf8 50. Bf5 g4 51. Rh7# 1-0